African Capital Cities by Closest Capital Cities - Statistics

General Stats
  • This quiz has been taken 43 times
  • The average score is 32 of 54
Answer Stats
HINT HINT HINT CAPITAL CITY % Correct
Asmara Addis Ababa Juba Khartoum
88%
Antananarivo Victoria Moroni Port Louis
88%
Banjul Bissau Nouakchott Dakar
83%
Conakry Monrovia Bissau Freetown
83%
Bujumbura Kampala Nairobi Kigali
83%
Brazzaville Luanda Libreville Kinshasa
83%
Accra Monrovia Bamako Yamoussoukro
83%
Freetown Bissau Monrovia Conakry
79%
Abuja Bangui Yaounde N'Djamena
79%
Banjul Conakry Dakar Bissau
75%
Jerusalem Amman Beirut Cairo
75%
Freetown Conakry Yamoussoukro Monrovia
75%
Gaborone Mbabane Maseru Pretoria
75%
Djibouti Asmara Juba Addis Ababa
71%
Harare Lilongwe Gaborone Lusaka
71%
Dakar Banjul Bissau Nouakchott
71%
Kinshasa Luanda Libreville Brazzaville
67%
Kinshasa Brazzaville Libreville Luanda
67%
Antananarivo Dodoma Lilongwe Moroni
67%
Kampala Dodoma Kigali Nairobi
67%
Gaborone Pretoria Maseru Windhoek
67%
Dakar Bissau Nouakchott Banjul
63%
Kigali Kampala Dodoma Bujumbura
63%
Lisbon Madrid Algiers Rabat
63%
Lome Porto-Novo Yamoussoukro Accra
58%
Harare Lusaka Dodoma Lilongwe
58%
Lome Accra Abuja Porto-Novo
58%
Nairobi Bujumbura Kigali Dodoma
54%
Mbabane Pretoria Maseru Maputo
54%
Maputo Pretoria Maseru Mbabane
54%
Niamey Bamako Yamoussoukro Ouagadougou
54%
Valletta Tripoli Vatican City Tunis
54%
Pretoria Maseru Mbabane Gaborone
50%
Lusaka Lilongwe Maputo Harare
50%
Kigali Nairobi Juba Kampala
50%
Nairobi Addis Ababa Djibouti Mogadishu
50%
Dakar Banjul Nouakchott Praia
50%
Valletta Tunis Rome Tripoli
50%
Mogadishu Moroni Port Louis Victoria
50%
Tunis Andorra la Vella Madrid Algiers
46%
Moroni Port Louis Lilongwe Antananarivo
46%
Sanaa Djibouti Khartoum Asmara
46%
Sanaa Addis Ababa Asmara Djibouti
46%
Kampala Kigali Nairobi Juba
46%
Pretoria Mbabane Gaborone Maseru
46%
Sao Tome Malabo Yaounde Libreville
42%
Porto-Novo Accra Yamoussoukro Lome
42%
Yaounde Libreville Sao Tome Malabo
42%
Ouagadougou Abuja Porto-Novo Niamey
42%
Libreville Malabo Yaounde Sao Tome
42%
Malabo Libreville Sao Tome Yaounde
42%
Ouagadougou Conakry Yamoussoukro Bamako
38%
Malabo Porto-Novo Yaounde Abuja
33%
Yaounde N'Djamena Brazzaville Bangui
33%
No matching quizzes found
Score Distribution
Percent of People with Each Score
Percentile by Number Answered
Your Score History
You have not taken this quiz